[Event "Vienna Husek op-B"]
[Site "Vienna"]
[Date "2012.08.19"]
[Round "7"]
[White "Naegele, Hans Juergen"]
[Black "Vollmer, Marcel"]
[Result "1/2-1/2"]
[WhiteElo "1869"]
[BlackElo "1625"]
[PlyCount "21"]
[EventDate "2012.08.13"]
[EventType "swiss"]
[EventRounds "7"]
[EventCountry "AUT"]
[SourceTitle "EXT 2014"]
[Source "ChessBase"]
[SourceDate "2013.11.20"]
[SourceVersion "1"]
[SourceVersionDate "2013.11.20"]
[SourceQuality "1"]

1. f4 d5 2. Nf3 Nc6 3. e3 e6 4. b3 Nf6 5. Bb2 Bd7 6. g3 Bd6 7. Bg2 0-0 8. 0-0 Ne7 9. c4 c5 10. Nc3 Nc6 11. d3 1/2-1/2